000
00307nam a2200109Ia 4500
008
200302s9999 xx 000 0 und d
100
_a
Paul Whicheloe
245
_a
Katie Brown Decorates 5 Styles 10 Rooms 105 Projects
260
_b
An Imprint of Harper Collins Publishers
260
_c
2002
300
_a
255 P.,
999
_c
1580
_d
1580